Southville International School and Colleges
Your cart is empty.
  • Cart
  • Lists
    Public lists Eva Luna New books Lux_list list_1
    Your lists Log in to create your own lists
  • Log in to your account
  • Your cookies
  • Search history
Southville International School and Colleges
  • Advanced search
  • Recent comments
  • Most popular
  • Libraries

Log in to your account

Log in with GOOGLE


If you do not have an external account, but do have a local account, you can still log in:

  1. Home
  2. MARC view: Long vowel word families /
Normal view MARC view ISBD view

Long vowel word families / (Record no. 292446)

[ view plain ]
MARC details
000 -LEADER
fixed length control field 00651nam a2200241Ia 4500
008 - FIXED-LENGTH DATA ELEMENTS--GENERAL INFORMATION
fixed length control field 160319s9999 xx 000 0 und d
245 ## - TITLE STATEMENT
Title Long vowel word families /
245 ## - TITLE STATEMENT
Statement of responsibility, etc TLC Music.
260 ## - PUBLICATION, DISTRIBUTION, ETC. (IMPRINT)
Name of publisher, distributor, etc TLC MUSIC
260 ## - PUBLICATION, DISTRIBUTION, ETC. (IMPRINT)
Date of publication, distribution, etc 2008
300 ## - PHYSICAL DESCRIPTION
Extent 1 audiodisc :
300 ## - PHYSICAL DESCRIPTION
Other physical details sound., color ;
300 ## - PHYSICAL DESCRIPTION
Dimensions 4 3/4 in.
440 ## - SERIES STATEMENT/ADDED ENTRY--TITLE
Title Let's start smart : learning to read series
500 ## - GENERAL NOTE
General note "TLCD003"--Container.
650 ## - SUBJECT ADDED ENTRY--TOPICAL TERM
Topical term or geographic name as entry element Alphabet --
650 ## - SUBJECT ADDED ENTRY--TOPICAL TERM
Topical term or geographic name as entry element English language --
650 ## - SUBJECT ADDED ENTRY--TOPICAL TERM
Topical term or geographic name as entry element Reading --
650 ## - SUBJECT ADDED ENTRY--TOPICAL TERM
General subdivision Audio-visual aids.
650 ## - SUBJECT ADDED ENTRY--TOPICAL TERM
General subdivision Juvenile literature.
650 ## - SUBJECT ADDED ENTRY--TOPICAL TERM
General subdivision Vowels.
700 ## - ADDED ENTRY--PERSONAL NAME
Personal name TLC Music (Firm), Corporate.
Holdings
Withdrawn status Lost status Damaged status Home library Current library Date acquired Total Checkouts Barcode Date last seen Price effective from Koha item type
      Stonyhurst Southville International School (Batangas) Stonyhurst Southville International School (Batangas) 03/19/2016   AV-049 03/19/2016 03/19/2016 Audio Visual Materials

Long vowel word families /

APA

TLC Music (Firm) C., .Long vowel word families. : TLC MUSIC.

Chicago

TLC Music (Firm) Corporate, .Long vowel word families. : TLC MUSIC.

Harvard

TLC Music (Firm) C., .Long vowel word families. : TLC MUSIC.

MLA

TLC Music (Firm) Corporate, .: TLC MUSIC. .

  • Place hold
  • Print
  • Cite
  • Add to your cart (remove)
  • Save record
    BIBTEX Dublin Core MARCXML MARC (non-Unicode/MARC-8) MARC (Unicode/UTF-8) MARC (Unicode/UTF-8, Standard) MODS (XML) RIS
  • More searches
    Search for this title in:
    Other Libraries (WorldCat) Other Databases (Google Scholar) Online Stores (Bookfinder.com) Open Library (openlibrary.org)

Exporting to Dublin Core...

SOUTHVILLE LIBRARY

Southville International School and Colleges Library

1281 Tropical Ave. Cor. Luxembourg St., BF Homes International, Las Pinas City

Tel. No. 8256374 / 252358 Loc. 117/146

Powered by Koha